[Event "AUTO-ELITE-2533"]
[Site "http://www.queenalice.com/game.php?id=1840481"]
[Date "2024.7.18"]
[Round "2"]
[White "RaulSoft2"]
[Black "Cerberus"]
[Result "0-1"]
[WhiteElo "2572"]
[BlackElo "2718"]

1. d4 c6 2. e4 d5 3. e5 c5 4. Nf3 cxd4 5. Nxd4 Nc6 6. Nxc6 bxc6 7. Bd3 e6 8. O-O
Ne7 9. Nd2 a5 10. Nf3 Ba6 11. Bxa6 Rxa6 12. c4 Ng6 13. Qe2 d4 14. Bg5 Be7 15.
Bxe7 Nxe7 16. c5 Ra7 17. Rfd1 Rd7 18. Qe4 O-O 19. Rac1 Qb8 20. b3 Rfd8 21. Rc4
h6 22. Rcxd4 Rd5 23. g3 Qb5 24. Rc1 Rxd4 25. Nxd4 Qb7 26. Nf3 Rd5 27. Kg2 Ng6
28. Qa4 Qd7 29. Qxa5 Rd3 30. Rc3 Rxf3 31. Kxf3 Qd1+ 32. Kg2 Qd5+ 33. Kh3 Nxe5
34. Re3 Ng4 35. Qe1 g5 36. Re4 Qxe4 37. Qxe4 Nxf2+ 38. Kg2 Nxe4 39. b4 Kf8 40.
a4 Ke7 41. a5 Nxc5 42. bxc5 Kd7 43. Kf3 f5 44. Ke3 e5 45. Ke2 Kc7 46. Kf3 Kb7
47. g4 f4 48. Ke4 Ka6 49. Kf3 Kxa5 50. h3 Kb4 51. Ke4 Kc4 52. Kf3 Kd3 53. Kf2 e4
54. Kf1 Kd2 0-1

[Event "AUTO-ELITE-2547"]
[Site "http://www.queenalice.com/game.php?id=1841148"]
[Date "2024.7.30"]
[Round "1"]
[White "danielglowinski"]
[Black "Cerberus"]
[Result "0-1"]
[WhiteElo "2489"]
[BlackElo "2726"]

1. e4 c6 2. d4 d5 3. Nc3 dxe4 4. Nxe4 Nf6 5. Ng3 h5 6. h4 c5 7. Be3 cxd4 8. Qxd4
Qxd4 9. Bxd4 Nc6 10. Bb5 Bd7 11. Bxf6 gxf6 12. O-O-O Rg8 13. Nf3 Bh6+ 14. Kb1
Be3 15. Nxh5 Bxf2 16. Nf4 Rd8 17. h5 a6 18. Bf1 Be3 19. Nd5 Bh6 20. Rh4 Bg4 21.
Nc7+ Kf8 22. Rxd8+ Nxd8 23. Nh2 Bf5 24. Rb4 Rg5 25. Rh4 Rg3 26. Nd5 Nc6 27. Nc3
Bd7 28. Nf3 f5 29. Rc4 e5 30. a3 e4 31. Nd4 Bg7 32. Nxc6 Bxc6 33. Rc5 Bxc3 34.
Rxc3 Rxc3 35. bxc3 f4 36. Kc1 Kg7 37. Bc4 f6 38. Kd2 e3+ 39. Ke2 Bxg2 40. Be6
Kh6 41. c4 Bc6 42. c5 Kxh5 43. Bf5 Kh4 44. c3 Kg3 45. Bd3 Bf3+ 46. Kf1 Bg4 0-1

[Event "AUTO-ELITE-2547"]
[Site "http://www.queenalice.com/game.php?id=1841149"]
[Date "2024.7.30"]
[Round "1"]
[White "Cerberus"]
[Black "danielglowinski"]
[Result "1-0"]
[WhiteElo "2723"]
[BlackElo "2490"]

1. e4 c5 2. c3 Nc6 3. Nf3 Nf6 4. Bd3 d5 5. e5 c4 6. Bc2 Ng4 7. Ba4 Qc7 8. d4 g6
9. b3 cxb3 10. axb3 Bg7 11. Bf4 Rb8 12. Bxc6+ Qxc6 13. Rxa7 O-O 14. O-O Qb5 15.
Qc1 Qb6 16. Ra3 Bf5 17. h3 Bd3 18. Re1 g5 19. Nxg5 Nh6 20. e6 Ra8 21. Rxa8 Rxa8
22. Nf3 Nf5 23. exf7+ Kxf7 24. Qd1 Qb5 25. Ng5+ Kg8 26. Ne6 Rc8 27. Be5 Rc6 28.
Bxg7 Be4 29. c4 Qb6 30. c5 Qa6 31. Nf4 Nxg7 32. Nc3 e6 33. Nxe4 dxe4 34. Rxe4
Qa8 35. d5 Qd8 36. d6 Rxc5 37. Nxe6 Nxe6 38. Rxe6 Rf5 39. Qg4+ Rg5 40. Qe4 1-0

[Event "AUTO-ELITE-2547"]
[Site "http://www.queenalice.com/game.php?id=1841154"]
[Date "2024.7.30"]
[Round "1"]
[White "Donidon"]
[Black "Cerberus"]
[Result "0-1"]
[WhiteElo "2149"]
[BlackElo "2711"]

1. e4 c6 2. d4 d5 3. Nc3 dxe4 4. Nxe4 Nf6 5. Nxf6+ exf6 6. Nf3 Bd6 7. Bd3 O-O 8.
O-O Re8 9. Bd2 Bg4 10. h3 Bh5 11. c3 Nd7 12. Be2 Nf8 13. Qb3 Rxe2 14. Be3 Bxf3
15. gxf3 Qd7 16. Kg2 Re8 17. Rh1 R8xe3 0-1

[Event "AUTO-ELITE-2547"]
[Site "http://www.queenalice.com/game.php?id=1841155"]
[Date "2024.7.30"]
[Round "1"]
[White "Cerberus"]
[Black "Donidon"]
[Result "1-0"]
[WhiteElo "2712"]
[BlackElo "2148"]

1. e4 e5 2. f4 d5 3. exd5 e4 4. d3 exd3 5. Qxd3 Nf6 6. Nc3 Bb4 7. Qb5+ Nc6 8.
dxc6 Bxc3+ 9. bxc3 bxc6 10. Qxc6+ Bd7 11. Qc5 Ne4 12. Qe5+ Qe7 13. Qxe7+ Kxe7
14. Ba3+ Nd6 15. Nf3 f6 16. O-O-O Rhe8 17. Bc4 Be6 18. Bxd6+ cxd6 19. Rhe1 Kf7
20. Rxe6 Rxe6 21. Rxd6 Rc8 22. Rd7+ Ke8 23. Bxe6 Rc6 24. f5 1-0

[Event "AUTO-OPEN-4605"]
[Site "http://www.queenalice.com/game.php?id=1860495"]
[Date "2025.7.24"]
[Round "1"]
[White "Cerberus"]
[Black "Fredo"]
[Result "1-0"]
[WhiteElo "2728"]
[BlackElo "2167"]

1. e4 c5 2. Nf3 d6 3. d4 cxd4 4. Nxd4 Nf6 5. Nc3 a6 6. Bc4 Qc7 7. Bb3 e6 8. O-O
Be7 9. Qf3 Nbd7 10. Qg3 O-O 11. Bxe6 Ne5 12. Bxc8 Raxc8 13. Nf5 Ne8 14. Nd5 1-0

[Event "AUTO-OPEN-4605"]
[Site "http://www.queenalice.com/game.php?id=1860496"]
[Date "2025.7.24"]
[Round "1"]
[White "Fredo"]
[Black "Cerberus"]
[Result "0-1"]
[WhiteElo "2166"]
[BlackElo "2731"]

1. d4 d5 2. Nf3 Bf5 3. c3 Nc6 4. e3 e6 5. Be2 Bd6 6. O-O Nf6 7. Nh4 Bg6 8. Nxg6
hxg6 9. h3 Qd7 10. Nd2 e5 11. dxe5 Nxe5 12. Nf3 Nxf3+ 13. Bxf3 Rxh3 14. Re1 Rh7
15. Kf1 Qb5+ 0-1

[Event "AUTO-OPEN-4605"]
[Site "http://www.queenalice.com/game.php?id=1860497"]
[Date "2025.7.24"]
[Round "1"]
[White "Cerberus"]
[Black "IranSilva"]
[Result "1-0"]
[WhiteElo "2729"]
[BlackElo "2209"]

1. e4 e5 2. f4 d5 3. exd5 c6 4. Qe2 cxd5 5. fxe5 Nc6 6. Nf3 Bc5 7. c3 d4 8. b4
Bb6 9. b5 d3 10. Qxd3 Na5 11. Qxd8+ Bxd8 12. d4 Be6 13. Nbd2 b6 14. c4 Rc8 15.
d5 Bg4 16. Bb2 Nb7 17. Nd4 Nh6 18. Nc6 1-0

[Event "AUTO-OPEN-4605"]
[Site "http://www.queenalice.com/game.php?id=1860498"]
[Date "2025.7.24"]
[Round "1"]
[White "IranSilva"]
[Black "Cerberus"]
[Result "0-1"]
[WhiteElo "2210"]
[BlackElo "2730"]

1. Nf3 d5 2. d4 Bf5 3. c4 e6 4. Nc3 Nf6 5. Bg5 c6 6. e3 Nbd7 7. cxd5 exd5 8. Ne5
Qb6 9. Qd2 Nxe5 10. Bxf6 gxf6 11. dxe5 fxe5 12. Be2 Rg8 13. Kf1 d4 14. exd4 exd4
15. Na4 Qb4 16. Qxb4 Bxb4 17. a3 Be7 18. Rc1 d3 19. Bf3 O-O-O 0-1

[Event "AUTO-OPEN-4605"]
[Site "http://www.queenalice.com/game.php?id=1860499"]
[Date "2025.7.24"]
[Round "1"]
[White "Cerberus"]
[Black "maurice916"]
[Result "1-0"]
[WhiteElo "2732"]
[BlackElo "1829"]

1. e4 c6 2. d4 d5 3. e5 Bf5 4. Nf3 e6 5. Be2 h6 6. O-O Qb6 7. c4 dxc4 8. Nbd2
Ne7 9. Nxc4 Qc7 10. Nd6+ Kd8 11. Nxf7+ Ke8 12. Nxh8 g5 13. Nd2 Bg7 14. Bh5+ Kf8
15. g4 Bd3 16. Qf3+ Kg8 17. Qxd3 Bxh8 18. f4 Nd5 19. Qg6+ Bg7 20. Qxe6+ Kh8 21.
Qe8+ Kh7 22. Bg6# 1-0

[Event "AUTO-OPEN-4605"]
[Site "http://www.queenalice.com/game.php?id=1860500"]
[Date "2025.7.24"]
[Round "1"]
[White "maurice916"]
[Black "Cerberus"]
[Result "0-1"]
[WhiteElo "1803"]
[BlackElo "2733"]

1. Nf3 d5 2. b3 Bf5 3. Bb2 e6 4. e3 Nf6 5. Be2 h6 6. d4 c5 7. c4 dxc4 8. bxc4
Nc6 9. O-O Be7 10. Nbd2 O-O 11. Qb3 Qb6 12. Bc3 Rfd8 13. Ne5 cxd4 14. Nxc6 bxc6
15. Bxd4 Qa5 16. Bc3 Qa6 17. Qb2 Ba3 18. Qb3 Rab8 19. Qd1 Ne4 20. Bd4 c5 21.
Nxe4 Bxe4 22. f3 Bg6 23. Qe1 cxd4 24. exd4 Rxd4 25. c5 Qc6 26. Qc3 Bb2 27. Qa5
Ra4 0-1

[Event "AUTO-OPEN-4610"]
[Site "http://www.queenalice.com/game.php?id=1861767"]
[Date "2025.8.18"]
[Round "1"]
[White "grotegeest"]
[Black "Cerberus"]
[Result "1/2-1/2"]
[WhiteElo "2577"]
[BlackElo "2721"]

1. e4 c6 2. d4 d5 3. exd5 cxd5 4. c4 Nf6 5. Nc3 Nc6 6. Nf3 a6 7. c5 Bg4 8. Be2
g6 9. Be3 Bg7 10. O-O O-O 11. h3 Bxf3 12. Bxf3 e6 13. Rb1 Qc7 14. b4 Rfd8 15.
Qb3 Ne4 16. Ne2 Qe7 17. Bxe4 dxe4 18. Rfd1 Rd5 19. a4 Rad8 20. Qc4 e5 21. b5
axb5 22. axb5 Nxd4 23. Rdc1 R5d7 24. Nc3 Bf8 25. Nxe4 h6 26. Kh1 Kh7 27. Nd6 Qf6
28. Ne4 Qf5 29. Ng3 Qf6 30. Ne4 1/2-1/2

[Event "AUTO-OPEN-4610"]
[Site "http://www.queenalice.com/game.php?id=1861791"]
[Date "2025.8.18"]
[Round "1"]
[White "Cerberus"]
[Black "Tonto"]
[Result "1-0"]
[WhiteElo "2736"]
[BlackElo "2074"]

1. e4 e5 2. f4 exf4 3. Nf3 d6 4. Nc3 Be7 5. Bc4 Nf6 6. d3 Bg4 7. Bxf4 Nh5 8. Be3
O-O 9. O-O Nc6 10. d4 h6 11. a3 Na5 12. Ba2 b6 13. Qd3 Bf6 14. b4 Nc6 15. h3
Bxf3 16. Rxf3 Bg5 17. Raf1 a5 18. b5 Ne7 19. Bxg5 Qd7 20. Rxf7 Rxf7 21. Rxf7 Kh8
22. Qf3 g6 23. Bf6+ Nxf6 24. Qxf6+ 1-0

[Event "AUTO-OPEN-4610"]
[Site "http://www.queenalice.com/game.php?id=1861792"]
[Date "2025.8.18"]
[Round "1"]
[White "Tonto"]
[Black "Cerberus"]
[Result "0-1"]
[WhiteElo "2072"]
[BlackElo "2737"]

1. e4 c5 2. Nf3 d6 3. Bc4 Nf6 4. d3 e6 5. Be3 d5 6. exd5 exd5 7. Bb5+ Bd7 8.
Bxd7+ Nbxd7 9. Nc3 d4 10. Nxd4 cxd4 11. Bxd4 Nc5 12. O-O Qxd4 13. Nb5 Qd7 14.
Re1+ Ne6 15. c3 Qxb5 16. b3 O-O-O 17. d4 Bd6 18. c4 Qf5 19. d5 Bxh2+ 20. Kxh2
Ng4+ 21. Kg1 Qxf2+ 22. Kh1 Qh4+ 23. Kg1 Nf4 24. Qf3 Qh2+ 0-1

[Event "AUTO-OPEN-4610"]
[Site "http://www.queenalice.com/game.php?id=1861793"]
[Date "2025.8.18"]
[Round "1"]
[White "Cerberus"]
[Black "australia"]
[Result "1-0"]
[WhiteElo "2734"]
[BlackElo "1750"]

1. e4 h6 2. d4 e6 3. Nf3 Nc6 4. d5 exd5 5. exd5 Nce7 6. Nc3 Ng6 7. Bd3 a6 8. O-O
Bd6 9. Qe2+ N6e7 10. Ne4 Bb4 11. c3 Ba5 12. d6 Ng6 13. Neg5+ Kf8 14. Nxf7 Qe8
15. Qxe8+ Kxe8 16. Bxg6 c6 17. Nxh6+ Kf8 18. Nxg8 Rxg8 19. Re1 1-0

[Event "AUTO-OPEN-4610"]
[Site "http://www.queenalice.com/game.php?id=1861794"]
[Date "2025.8.18"]
[Round "1"]
[White "australia"]
[Black "Cerberus"]
[Result "0-1"]
[WhiteElo "1750"]
[BlackElo "2735"]

1. a3 Nf6 2. e3 d5 3. h3 e5 4. Nf3 e4 5. Nd4 c5 6. Ne2 Nc6 7. Nf4 Bd6 8. Ne2 d4
9. exd4 cxd4 10. c3 d3 11. Nd4 Qb6 12. Nxc6 bxc6 13. c4 Bc5 14. Bxd3 Bxf2+ 15.
Kf1 exd3 16. Qf3 Bd4 17. Nc3 O-O 18. Na4 Qb3 19. Nc3 Re8 20. Qd1 Qb8 21. b4 Re1+
22. Qxe1 Qf4+ 0-1

[Event "AUTO-ELITE-2594"]
[Site "http://www.queenalice.com/game.php?id=1863261"]
[Date "2025.9.21"]
[Round "1"]
[White "Sexxy_Bunny"]
[Black "Cerberus"]
[Result "1/2-1/2"]
[WhiteElo "2613"]
[BlackElo "2740"]

1. e4 c6 2. d4 d5 3. e5 c5 4. dxc5 e6 5. a3 Bxc5 6. Nf3 Ne7 7. Bd3 Nbc6 8. O-O
Ng6 9. b4 Be7 10. Re1 O-O 11. Bb2 Nf4 12. Bf1 f6 13. Nbd2 Nxe5 14. Nxe5 fxe5 15.
Bxe5 a5 16. b5 Ng6 17. Bg3 b6 18. c4 Nf4 19. cxd5 Qxd5 20. Nc4 Bc5 21. Ne5 Qxd1
22. Rexd1 Nh5 23. Bh4 a4 24. Nd3 Bd4 25. Rac1 e5 26. Be7 Re8 27. Nxe5 Bxe5 28.
Bc4+ Kh8 29. Bf7 Bf5 30. Bxe8 Rxe8 31. Rd8 Rxd8 32. Bxd8 Nf4 33. Rc6 Kg8 34.
Rxb6 Ne2+ 35. Kh1 Nc3 36. Ra6 Nxb5 37. Rxa4 Bd3 38. Ra8 Kf7 39. a4 Nd4 40. Rc8
Ke6 41. Bb6 Nc2 42. Rd8 Nb4 43. Bc5 Nd5 44. Re8+ Kf5 45. a5 Bc3 46. Rd8 Ke5 47.
Bd6+ Ke6 48. Bg3 Bb4 49. h4 Be7 50. Ra8 Kd7 51. h5 Bf6 52. f3 h6 53. Rb8 Kc6 54.
Re8 Ne7 55. Rb8 Nd5 56. Re8 Ne7 57. Rb8 Nd5 58. Re8 1/2-1/2

[Event "AUTO-ELITE-2594"]
[Site "http://www.queenalice.com/game.php?id=1863262"]
[Date "2025.9.21"]
[Round "1"]
[White "Cerberus"]
[Black "Sexxy_Bunny"]
[Result "1/2-1/2"]
[WhiteElo "2715"]
[BlackElo "2683"]

1. Nf3 d5 2. g3 Nf6 3. Bg2 e6 4. O-O Be7 5. d3 O-O 6. Nbd2 c5 7. e4 Nc6 8. Re1
b5 9. e5 Nd7 10. Nf1 a5 11. h4 b4 12. N1h2 a4 13. h5 h6 14. Ng4 Ba6 15. a3 bxa3
16. bxa3 Rb8 17. Be3 Re8 18. Qd2 Bf8 19. Rad1 Ne7 20. Nh4 Rb6 21. Bf4 Nc6 22. c4
Nd4 23. cxd5 exd5 24. Bxd5 Bc8 25. Be4 Rb3 26. Qc1 Nb6 27. Ne3 Be6 28. Nf3 Nd5
29. Nxd5 Bxd5 30. Nd2 Bxe4 31. dxe4 Rd3 32. Kg2 Qd7 33. Re3 Rxe3 34. Bxe3 Rxe5
35. Rh1 Qe8 36. f3 Re6 37. Nc4 Qc6 38. Rf1 Re8 39. Qc3 Qe6 40. Rd1 Rd8 41. Rd2
Be7 42. Bf2 Rd7 43. Rd3 Bf8 44. Qc1 Qa6 45. Ne5 Ne2 46. Qd1 Rxd3 47. Nxd3 Nd4
48. Nb2 Qb5 49. Nxa4 Ne6 50. Qc2 c4 51. Nb6 Qxh5 52. Nxc4 Ng5 53. Qd3 Qh3+ 54.
Kg1 Qh5 55. Kg2 Qh3+ 56. Kg1 Qh5 57. f4 Nh3+ 58. Kg2 Nxf2 59. Kxf2 Qh2+ 60. Kf3
Bc5 61. f5 Bf2 62. g4 Bh4 63. e5 Qg3+ 64. Ke4 Qxg4+ 65. Kd5 Be7 66. a4 h5 67. e6
fxe6+ 68. Kxe6 Qg5 69. a5 Bb4 70. Ke5 Bc3+ 71. Ke6 Bb4 72. Qd4 Qe7+ 73. Kd5 h4
74. a6 h3 75. a7 Qb7+ 76. Ke5 Bc3 77. Qxc3 h2 78. Qb3 Qxb3 79. a8=Q+ Kh7 80. Qg2
Kg8 81. Qxh2 Qxc4 82. Qd2 Qc7+ 83. Ke6 Qf7+ 84. Ke5 Qf6+ 85. Ke4 Qh4+ 86. Qf4
Qxf4+ 87. Kxf4 Kf7 88. Kg5 g6 89. f6 Kf8 90. Kxg6 Kg8 91. Kf5 Kf7 92. Kg5 Kf8
93. Kh6 Kf7 94. Kg5 Kf8 95. Kf4 Kf7 96. Ke5 Kf8 97. Kd6 Kf7 98. Ke5 Kf8 99. Ke4
Kf7 100. Kf5 Kf8 101. Kg4 1/2-1/2

[Event "AUTO-ELITE-2594"]
[Site "http://www.queenalice.com/game.php?id=1863267"]
[Date "2025.9.21"]
[Round "1"]
[White "cerenzo72"]
[Black "Cerberus"]
[Result "0-1"]
[WhiteElo "2078"]
[BlackElo "2739"]

1. b3 e5 2. Bb2 Nc6 3. e3 Nf6 4. Bb5 Bd6 5. Nc3 a6 6. Bxc6 dxc6 7. d4 Qe7 8.
dxe5 Bxe5 9. Nf3 Bg4 10. Qe2 Rd8 11. Rd1 O-O 12. O-O Bxc3 13. Bxc3 Nd5 14. Bb2
Nf4 15. Qe1 Rxd1 16. Qxd1 Rd8 17. Bd4 Ne6 18. h3 Bh5 19. g4 Bg6 20. Ne5 c5 21.
Bxc5 Qxc5 22. Nd3 Qb5 23. c4 Qe8 0-1

[Event "AUTO-ELITE-2594"]
[Site "http://www.queenalice.com/game.php?id=1863268"]
[Date "2025.9.21"]
[Round "1"]
[White "Cerberus"]
[Black "cerenzo72"]
[Result "1-0"]
[WhiteElo "2738"]
[BlackElo "2117"]

1. e4 e5 2. d4 exd4 3. Qxd4 Nc6 4. Qe3 Nf6 5. Nc3 Bb4 6. Bd2 O-O 7. O-O-O Re8 8.
Bc4 d6 9. Nf3 Bxc3 10. Bxc3 Nxe4 11. Rhe1 Nf6 12. Bxf6 Rxe3 13. Bxd8 Rxe1 14.
Rxe1 1-0

[Event "AUTO-ELITE-2594"]
[Site "http://www.queenalice.com/game.php?id=1868097"]
[Date "2026.1.17"]
[Round "2"]
[White "Cerberus"]
[Black "Sexxy_Bunny"]
[Result "1-0"]
[WhiteElo "2714"]
[BlackElo "2681"]

1. e4 e6 2. d4 d5 3. e5 c5 4. c3 Nc6 5. Nf3 Qb6 6. Be2 cxd4 7. cxd4 Nh6 8. Bxh6
Qxb2 9. Nbd2 gxh6 10. O-O Nxd4 11. Rb1 Nxe2+ 12. Qxe2 Qa3 13. Nd4 a6 14. Rfc1
Bg7 15. Nf1 Qe7 16. Ng3 f6 17. Qh5+ Kd8 18. Qh4 1-0